000 00442nam a2200193Ia 4500
005 20240823040620.0
008 240823s9999||||xx |||||||||||||| ||und||
020 _a978-81-237-1237-6
041 _aENGLISH
082 _A3370.92 P9
100 _aGijubhai Badhaka
245 0 _aDivasvapna
250 _a1st
260 _c2009
_bNational Book Trust
500 _aYES
650 _aDivasvapna
_bGeneral
942 _cBK
999 _c203537
_d203537